The Big drum and other ritual and social music of Carriacou.

Bibliographic Details
Corporate Authors: Indiana University, Bloomington. Archives of Traditional Music, Smithsonian/Folkways Recordings, Folkways Records
Other Authors: Hill, Donald R., 1939-
Format: CD Audio
Language:English
Published: Washington, D.C. : Smithsonian Folkways Recordings, [2003?]
Series:Ethnomusicological series.
Custom compact disc series.
Subjects:

MARC

Tag First Indicator Second Indicator Subfields
LEADER 00000cjm a2200000Ma 4500
001 in00002361739
005 20151108090113.0
007 sd fungnnmmnee
008 931110r20031980dcufmnn n eng d
028 0 0 |a FE 34002  |b Smithsonian Folkways Recordings 
028 0 0 |a FE 34002  |b Folkways Records 
028 0 0 |a FES 34002  |b Folkways Records 
028 0 0 |a F-34002  |b Folkways 
035 |a (OCoLC)ocm70505658 
035 |a (OCoLC)70505658 
040 |a UAB  |c UAB  |d TXA  |d UtOrBLW 
041 0 |d eng  |e eng  |g eng 
043 |a nwxm--- 
049 |a TXAM 
055 3 |a M 1681 C3  |b B59 2003 
090 |a M1681.C37  |b .B53 2003 
245 0 4 |a The Big drum and other ritual and social music of Carriacou. 
246 1 |i Title on container:  |a Big drum, other ritual and social music of Carriacou 
264 1 |a Washington, D.C. :  |b Smithsonian Folkways Recordings,  |c [2003?] 
300 |a 1 sound disc :  |b digital ;  |c 4 3/4 in. 
336 |a performed music  |b prm  |2 rdacontent 
337 |a audio  |b s  |2 rdamedia 
338 |a audio disc  |b sd  |2 rdacarrier 
490 1 |a Ethnomusicological series 
490 1 |a Custom compact disc series 
500 |a Smithsonian Folkways Recordings: FE 34002. 
500 |a Previously issued in 1980 as analog disc, Folkways Records: FES 34002 (disc), FE 34002 (container). 
500 |a Previously issued in series: Ethnic Folkways library. 
500 |a Principally in English. 
500 |a Program notes with song texts (15 pages : ill., map) in container. 
500 |a Produced in cooperation with the Indiana University Archives of Traditional Music. 
500 |a Recordings and notes by Donald R. Hill. 
505 0 |a Cromanti Cudjoe (1:37) -- Ibo and dem (1:30) -- Ju belle (1:30) -- January has gone away (1:12) -- Lillian (2:08) -- Good South (4:34) -- Raycan (1:47) -- Mama Liza Canbulay (0:52) -- Juvay mama (1:18) -- Ladies and gents (0:35) -- Political discrimination (1:33) -- Hello in Africa (0:39) -- Mas' in Madison Square Garden (1:13) -- Mas' in Madison Square Garden (1:12) -- Who go cut the wood Tirina? (0:39) -- Christmas serenading (2:47) -- First figure (1:20) -- Bam bam we want to soldier (1:06) -- In the mood (1:32) -- The Lord is my Shepherd (1:22) -- I'm a born believer (2:10) -- Ring down below (1:13) -- Second figure waltz (1:41) -- If I was a black bird (3:40) 
511 0 |a Various performers. 
500 |a Sound recording. 
650 0 |a Folk music  |z Carriacou Island. 
650 0 |a Folk songs, English  |z Carriacou Island. 
650 0 |a Calypso (Music) 
700 1 |a Hill, Donald R.,  |d 1939- 
710 2 |a Indiana University, Bloomington.  |b Archives of Traditional Music. 
710 2 |a Smithsonian/Folkways Recordings. 
710 2 |a Folkways Records. 
830 0 |a Ethnomusicological series. 
830 0 |a Custom compact disc series. 
994 |a C0  |b TXA 
948 |a cataloged  |b h  |c 2008/2/26  |d c  |e jlanham  |f 3:01:19 pm 
999 |a MARS 
999 f f |s 03965277-6088-3c16-8fd0-55c6e5241117  |i dbccf76c-ad6d-3ebb-b982-cf15c241b4e9  |t 0 
952 f f |p ric  |a Texas A&M University  |b Rellis Campus  |c Joint Library Facility  |d Remote Storage  |t 0  |e M1681.C37 .B53 2003  |h Library of Congress classification  |i audio -- audio disc  |m A14837013722 
998 f f |a M1681.C37 .B53 2003  |t 0  |l Remote Storage